Etica, Deontología y abogados.
Guardat en:
| Autor principal: | |
|---|---|
| Format: | Llibre |
| Idioma: | espanyol |
| Publicat: |
Barcelona, España
Internacionales Universitarias
1996
|
| Matèries: | |
| Etiquetes: |
Afegir etiqueta
Sense etiquetes, Sigues el primer a etiquetar aquest registre!
|
MARC
| LEADER | 00000nam a2200000 a 4500 | ||
|---|---|---|---|
| 001 | UCT9017 | ||
| 003 | CL-VaPUC | ||
| 005 | 20220711173351.0 | ||
| 008 | 970404e19960000SP |||||||||||||||||spa|d | ||
| 999 | |c 257476 |d 257474 | ||
| 040 | |c Pontificia Universidad Católica de Valparaíso | ||
| 082 | 0 | 4 | |a 340.112 VAZ 1996 |2 21 |
| 100 | 0 | |a Vázquez Guerrero, Francisco Daniel |9 381369 | |
| 245 | 1 | 0 | |a Etica, Deontología y abogados. |
| 260 | 0 | 3 | |a Barcelona, España |b Internacionales Universitarias |c 1996 |
| 300 | |a 122 páginas. | ||
| 583 | |a last modification |c 19970404 00:00:00 |k Rodrigo Vera | ||
| 650 | 0 | |a Derecho y ética |9 255883 | |
| 650 | 7 | |a DEONTOLOGIA |2 CL-VaPUC |9 327933 | |
| 650 | 0 | |a Abogados |9 256284 | |
| 650 | 0 | |a Etica profesional |9 255694 | |
| 650 | 0 | |a Proceso penal |9 381370 | |
| 650 | 0 | |a Proceso civil |9 361912 | |
| 942 | |c BK |2 ddc | ||
| 945 | |d 19970404 00:00:00 |a rleighto | ||
| 952 | |0 0 |1 0 |2 ddc |4 0 |6 340_112000000000000_VAZ_1996 |7 0 |8 DER_TF |9 280962 |a BIBDER |b BIBDER |d 2019-11-19 |i 3299260 |o 340.112 VAZ 1996 |p 3299260 |r 2023-01-25 |t 1 |w 2019-11-19 |x Ubicación 4to Piso |y BK |z Estos recursos deben solicitarse con anticipación |k DER | ||